Land vs. Land #119 - Statistiken

Allgemein
  • Dieses Quiz wurde 12 mal gespielt
  • Das Durchschnittsergebnis liegt bei 10 aus 14
Antwortstatistiken
Frage Antwort % Korrekt
...Fläche? Südafrika🇿🇦
100%
...Einwohner? Südafrika🇿🇦
100%
...Tourismus? Südafrika🇿🇦
100%
...Militär? Südafrika🇿🇦
91%
...Exportmengen? Südafrika🇿🇦
91%
...Lebenserwartung? Bosnien🇧🇦
82%
...durchschnittlicher IQ? Bosnien🇧🇦
82%
...Bruttoinlandsprodukt pro Kopf? Bosnien🇧🇦
73%
...Bruttoinlandsprodukt? Südafrika🇿🇦
73%
...HDI (Human Development Index)? Bosnien🇧🇦
55%
...Happy Planet Index? Bosnien🇧🇦
55%
...Gewinner? Südafrika🇿🇦
55%
...Frieden? Bosnien🇧🇦
45%
...Gesundheitswesen? Südafrika🇿🇦
18%
Keine übereinstimmenden Quizze gefunden
Verteilung der Resultate
Anzahl Personen mit jedem Resultat
Perzentil nach korrekt beantworteten Fragen
Ihre Resultats-Entwicklung
Sie haben dieses Quiz noch nicht gespielt